000 00383nam a22001457a 4500
003 LK-CoDNM
005 20240903145317.0
008 240903b |||||||| |||| 00| 0 eng d
040 _aLK-CoDNM
_dLK-CoDNM
_eLK-CoDNM
100 _aCOOMARSWARY,ANANDAK
245 _aBRONZES FROM CEYLON CHIEFLY IN THE COLOMBO MUSEUM
260 _c1914
300 _a31P. : ill ; 31 CM
942 _cBK
999 _c150809
_d150809